The taming of the press (Record no. 6298)
[ view plain ]
| 000 -LEADER | |
|---|---|
| fixed length control field | 01447nam a2200349 a 4500 |
| 001 - CONTROL NUMBER | |
| control field | ebr5007039 |
| 003 - CONTROL NUMBER IDENTIFIER | |
| control field | CaPaEBR |
| 006 - FIXED-LENGTH DATA ELEMENTS--ADDITIONAL MATERIAL CHARACTERISTICS--GENERAL INFORMATION | |
| fixed length control field | m u |
| 007 - PHYSICAL DESCRIPTION FIXED FIELD--GENERAL INFORMATION | |
| fixed length control field | cr cn||||||||| |
| 008 - FIXED-LENGTH DATA ELEMENTS--GENERAL INFORMATION | |
| fixed length control field | 990126s1999 ctu sb 001 0 eng |
| 010 ## - LIBRARY OF CONGRESS CONTROL NUMBER | |
| Canceled/invalid LC control number | 99013431 |
| 020 ## - INTERNATIONAL STANDARD BOOK NUMBER | |
| Cancelled/invalid ISBN | 0275966011 (alk. paper) |
| 040 ## - CATALOGING SOURCE | |
| Original cataloging agency | CaPaEBR |
| Transcribing agency | CaPaEBR |
| 035 ## - SYSTEM CONTROL NUMBER | |
| System control number | (OCoLC)613402858 |
| 050 14 - LIBRARY OF CONGRESS CALL NUMBER | |
| Classification number | KF228.C633 |
| Item number | R68 1999eb |
| 082 04 - DEWEY DECIMAL CLASSIFICATION NUMBER | |
| Classification number | 343.7309/98 |
| Edition number | 21 |
| 100 1# - MAIN ENTRY--PERSONAL NAME | |
| Personal name | Rothenberg, Elliot C., |
| Dates associated with a name | 1939- |
| 245 14 - TITLE STATEMENT | |
| Title | The taming of the press |
| Medium | [electronic resource] : |
| Remainder of title | Cohen v. Cowles Media Company / |
| Statement of responsibility, etc | Elliot C. Rothenberg. |
| 260 ## - PUBLICATION, DISTRIBUTION, ETC. (IMPRINT) | |
| Place of publication, distribution, etc | Westport, Conn. : |
| Name of publisher, distributor, etc | Praeger, |
| Date of publication, distribution, etc | 1999. |
| 300 ## - PHYSICAL DESCRIPTION | |
| Extent | viii, 283 p. |
| 504 ## - BIBLIOGRAPHY, ETC. NOTE | |
| Bibliography, etc | Includes bibliographical references and index. |
| 533 ## - REPRODUCTION NOTE | |
| Type of reproduction | Electronic reproduction. |
| Place of reproduction | Palo Alto, Calif. : |
| Agency responsible for reproduction | ebrary, |
| Date of reproduction | 2013. |
| Note about reproduction | Available via World Wide Web. |
| -- | Access may be limited to ebrary affiliated libraries. |
| 600 10 - SUBJECT ADDED ENTRY--PERSONAL NAME | |
| Personal name | Cohen, Dan, |
| Dates associated with a name | 1936- |
| Form subdivision | Trials, litigation, etc. |
| 610 20 - SUBJECT ADDED ENTRY--CORPORATE NAME | |
| Corporate name or jurisdiction name as entry element | Cowles Media Company |
| Form subdivision | Trials, litigation, etc. |
| 650 #0 - SUBJECT ADDED ENTRY--TOPICAL TERM | |
| Topical term or geographic name as entry element | Press law |
| Geographic subdivision | United States. |
| Topical term or geographic name as entry element | Confidential communications |
| General subdivision | Press |
| Geographic subdivision | United States. |
| Topical term or geographic name as entry element | Leaks (Disclosure of information) |
| Geographic subdivision | Minnesota. |
| 651 #0 - SUBJECT ADDED ENTRY--GEOGRAPHIC NAME | |
| Geographic name | Minnesota |
| General subdivision | Politics and government |
| Chronological subdivision | 1951- |
| 655 #7 - INDEX TERM--GENRE/FORM | |
| Genre/form data or focus term | Electronic books. |
| Source of term | local |
| 710 2# - ADDED ENTRY--CORPORATE NAME | |
| Corporate name or jurisdiction name as entry element | ebrary, Inc. |
| 856 40 - ELECTRONIC LOCATION AND ACCESS | |
| Uniform Resource Identifier | <a href="http://site.ebrary.com/lib/rucke/Doc?id=5007039">http://site.ebrary.com/lib/rucke/Doc?id=5007039</a> |
| Public note | An electronic book accessible through the World Wide Web; click to view |
No items available.
